000 00640nas a22001937a 4500
003 NALT
005 20211115125147.0
008 170828b xxu||||| |||| 00| 0 tha d
022 _a24653853
040 _aNALT
041 0 _atha
245 1 0 _aVacationist
260 3 _aสมุทรปราการ :
_bบริษัท ลิตเติ้ล สเปซ จำกัด
310 _aรายเดือน
500 _aหยุดผลิตฉบับพิมพ์หลังเดือนกุมภาพันธ์ 2562
850 _aNALT
942 _cJNR
_04
_2lcc
998 _b34
_d2017-05-15 13:57:20.230
_j755
_k จินตนา เอี่ยมคง
999 _c92021
_d92021